| 000 -LEADER |
| fixed length control field |
01146cas a2200349 a 4500 |
| 001 - CONTROL NUMBER |
| control field |
15154159 |
| 005 - DATE AND TIME OF LATEST TRANSACTION |
| control field |
20180228033617.0 |
| 008 - FIXED-LENGTH DATA ELEMENTS--GENERAL INFORMATION |
| fixed length control field |
080125c20099999nyugr 0 a0eng d |
| 010 ## - LIBRARY OF CONGRESS CONTROL NUMBER |
| LC control number |
2008202418 |
| 022 0# - INTERNATIONAL STANDARD SERIAL NUMBER |
| International Standard Serial Number |
1942-0455 |
| Incorrect ISSN |
0198-7518 |
| Source |
1 |
| 035 ## - SYSTEM CONTROL NUMBER |
| System control number |
(OCoLC)ocn212100368 |
| 037 ## - SOURCE OF ACQUISITION |
| Source of stock number/acquisition |
McGraw-Hill Companies, Inc., 1221 Avenue of the Americas, New York, NY 10020 |
| 040 ## - CATALOGING SOURCE |
| Original cataloging agency |
LSH |
| Language of cataloging |
eng |
| Transcribing agency |
LSH |
| Modifying agency |
LSH |
| -- |
DLC |
| -- |
OCLCQ |
| -- |
GUA |
| -- |
OCLCF |
| -- |
OCLCO |
| -- |
OCLCQ |
| 041 ## - LANGUAGE CODE |
| Language code of text/sound track or separate title |
eng |
| 042 ## - AUTHENTICATION CODE |
| Authentication code |
lccopycat |
| -- |
nsdp |
| 043 ## - GEOGRAPHIC AREA CODE |
| Geographic area code |
n-us--- |
| 080 ## - UNIVERSAL DECIMAL CLASSIFICATION NUMBER |
| Universal Decimal Classification number |
371.90973 SAM |
| 082 00 - DEWEY DECIMAL CLASSIFICATION NUMBER |
| Classification number |
371.90973 SAM |
| Edition number |
22 |
| 100 ## - Rafti |
| Rafti |
25 |
| 101 ## - Shkurtesa |
| Shkurtesa |
EDU |
| 222 #0 - KEY TITLE |
| Key title |
Educating children with exceptionalities |
| 245 00 - TITLE STATEMENT |
| Title |
Educating children with exceptionalities. |
| 310 ## - CURRENT PUBLICATION FREQUENCY |
| Current publication frequency |
Biennial |
| 362 0# - DATES OF PUBLICATION AND/OR SEQUENTIAL DESIGNATION |
| Dates of publication and/or sequential designation |
19th ed. (08/09)- |
| 780 00 - PRECEDING ENTRY |
| Title |
Educating exceptional children |
| International Standard Serial Number |
0198-7518 |
| Record control number |
(DLC) 79644171 |
| -- |
(OCoLC)5460219 |
| 906 ## - LOCAL DATA ELEMENT F, LDF (RLIN) |
| a |
7 |
| b |
cbc |
| c |
serials |
| d |
2 |
| e |
ncip |
| f |
20 |
| g |
n-oclcserc |
| 942 ## - ADDED ENTRY ELEMENTS (KOHA) |
| Source of classification or shelving scheme |
|
| Item type |
Books |